Páči sa jej Bezdeda Katka Koščová prichádza s novým albumom Posledná

Podrobná bibliografia
Hlavný autor: Šmihulová, Adriena (Autor)
Ďalší autori: Ličák, Peter (Fotograf)
Médium: Článok
Jazyk:slovenčina
Fyzický popis:Fotogr.
ISSN:1336-4030
Predmet:
On-line prístup:www.vecernik.po.sk

MARC

LEADER 00000nab a2200000 a 4500
001 vtls008942412
003 SK-MaSNL
005 20260304201420.0
008 070202c20061027xo dr n 000 00slo
038 |a SVKPOCL 
040 |a SVKPOCL  |b slo  |c AACR2  |e AACR2 
041 |a slo 
044 |a xo  |c SK 
080 |a 784.66  |2 2001 
100 1 |a Šmihulová, Adriena  |4 aut  |9 838764 
245 1 0 |a Páči sa jej Bezdeda  |b Katka Koščová prichádza s novým albumom Posledná  |c Adriena Šmihulová ; foto: Peter Ličák 
300 |a Fotogr. 
600 1 7 |a Koščová, Katarína  |d 1982-  |t Posledná (album)  |2 svkpocl  |9 1533242 
650 0 7 |a populárna hudba  |2 svkpocl  |9 3428 
650 0 7 |a nahrávky CD  |2 svkpocl  |9 19639 
651 7 |a Prešov (Slovensko)  |2 svkpocl  |9 17347 
700 1 |a Ličák, Peter  |4 pht  |9 728430 
773 0 |t Prešovský večerník  |g Roč. XVII, č. 4069 (27.10.2006), s. 7  |x 1336-4030 
852 |a SVKPO  |b KIS3GCP 
856 4 1 |u www.vecernik.po.sk 
958 |a RG 
999 |c 3094886  |d 3096816